00000000nam##2200000za#4500
0019.581626
003CaOODSP
00520231208112833
007cr |||||||||||
008150406|2011||||xxc|||||o    f|0| 0 eng|d
040 |aCaOODSP|beng
043 |an-cn---
0861 |aPS83-5/R249E-PDF
1101 |aCorrectional Service Canada. |bResearch Branch.
24510|aSelf-injurious behaviour in federally sentenced women : |h[electronic resource]|ban archival study / |cprepared by : Amelia Usher & Jenelle Power.
260 |aOttawa - Ontario : |bCorrectional Service Canada. |cAugust 2011.
300 |a1p.
4901 |aResearch at a glance|vR-249
590 |a15-05-Supp|b2015-03-31
69007|aInmates|2gcpds
69007|aMental health|2gcpds
69007|aSuicide|2gcpds
77508|tComportements d'automutilation chez les femmes purgeant une peine de ressort fédéral : |w(CaOODSP)9.608395
830#0|aResearch at a glance (Correctional Service Canada)|vR-249|w(CaOODSP)9.506649
85640|ahttp://publications.gc.ca|qPDF|s90 KB|uhttps://publications.gc.ca/collections/collection_2015/scc-csc/PS83-5-R249-eng.pdf|yR-249